00416nam a2200145 a 4500001000400000003000900004008004100013040002800054082001900082100002000101245007300121260004400194300001000238650002200248832CO-ViMGA141112s2004 ck r 000 u spa d aCO-ViMGAbspacCO-ViMGA04aCo861.44 O764c1 aOspina, William10aCon quien habla Virginia caminando hacia el agua? / cWilliam Ospina aSantafé de Bogotá : bNorma, c1995 a117 p14aPOESIA COLOMBIANA